[Event "Bucharest Super Rapid op"]
[Site "Bucharest"]
[Date "2022.04.30"]
[Round "1"]
[White "Barbu, Simon Alexandru"]
[Black "Nevednichy, Vladislav"]
[Result "0-1"]
[WhiteElo "1903"]
[BlackElo "2496"]
[PlyCount "72"]
[EventDate "2022.04.30"]
[EventType "swiss (rapid)"]
[EventRounds "10"]
[EventCountry "ROU"]
[SourceTitle "CBM 208 Extra"]
[Source "ChessBase"]
[SourceDate "2022.07.31"]
[SourceVersion "1"]
[SourceVersionDate "2022.07.31"]
[SourceQuality "1"]

1. e4 c5 2. Nc3 d6 3. f4 g6 4. Nf3 Bg7 5. Bc4 Nc6 6. 0-0 Nd4 7. h3 e6 8. d3 Ne7 9. Nxd4 cxd4 10. Ne2 0-0 11. Bb3 f5 12. Kh1 Kh8 13. c3 Nc6 14. Bd2 Bd7 15. cxd4 Nxd4 16. Nxd4 Bxd4 17. Bc3 Qf6 18. Qd2 Rac8 19. Rac1 Kg7 20. Kh2 h5 21. g3 h4 22. g4 Bxc3 23. bxc3 fxg4 24. hxg4 g5 25. e5 dxe5 26. fxg5 Qe7 27. Qe3 Qd6 28. Rxf8 Rxf8 29. Kh3 Bc6 30. Bd1 Qd5 31. Qe4 Rf1 32. Qxd5 Bxd5 33. Kxh4 Bf3 34. Bxf3 Rxc1 35. Bxb7 Rxc3 36. Bc8 Rxc8 0-1

[Event "ROM-ch U18"]
[Site "Mamaia"]
[Date "2021.04.13"]
[Round "9"]
[White "Barbu, Simon Alexandru"]
[Black "Gheorghiu, Alexandru Dan"]
[Result "1-0"]
[WhiteElo "1851"]
[BlackElo "1857"]
[PlyCount "105"]
[EventDate "2021.04.07"]
[EventType "swiss"]
[EventRounds "9"]
[EventCountry "ROU"]
[SourceTitle "EXT 2022"]
[Source "ChessBase"]
[SourceDate "2021.10.06"]
[SourceVersion "1"]
[SourceVersionDate "2021.10.06"]
[SourceQuality "1"]

1. e4 e5 2. Nf3 Nc6 3. d4 exd4 4. Nxd4 Nf6 5. Nxc6 bxc6 6. e5 Nd5 7. c4 Nb6 8. b3 Bb4+ 9. Bd2 Qe7 10. Bxb4 Qxb4+ 11. Qd2 a5 12. Bd3 d5 13. exd6 cxd6 14. 0-0 0-0 15. Qe3 Nd7 16. Qe4 Nf6 17. Qxc6 Bd7 18. Qf3 a4 19. bxa4 Bg4 20. Qg3 Kh8 21. Rc1 Rxa4 22. Nc3 Ra3 23. Nb5 Ra6 24. a3 Qc5 25. Qf4 Be6 26. Be2 Rc8 27. h3 h6 28. Qd4 Qe5 29. Bf1 Nd7 30. f4 Qc5 31. Kh1 Kg8 32. Rc3 Nb6 33. Qxd6 Ra4 34. Rac1 g6 35. Be2 Bd7 36. Bd1 Bxb5 37. Qxc5 Rxc5 38. cxb5 Rxc3 39. Rxc3 Rxf4 40. Rf3 Rxf3 41. gxf3 Kf8 42. Bb3 Nd7 43. Bd5 Nb6 44. Bb3 Nd7 45. a4 Ke7 46. a5 f6 47. Bd5 Kd6 48. Bc6 Nb8 49. Be8 Kc5 50. Kg2 g5 51. Kf2 f5 52. Kg2 f4 53. h4 1-0

[Event "ROM-ch U18"]
[Site "Mamaia"]
[Date "2021.04.09"]
[Round "3"]
[White "Cazan, Andrei"]
[Black "Barbu, Simon Alexandru"]
[Result "0-1"]
[WhiteElo "1607"]
[BlackElo "1851"]
[PlyCount "114"]
[EventDate "2021.04.07"]
[EventType "swiss"]
[EventRounds "9"]
[EventCountry "ROU"]
[SourceTitle "EXT 2022"]
[Source "ChessBase"]
[SourceDate "2021.10.06"]
[SourceVersion "1"]
[SourceVersionDate "2021.10.06"]
[SourceQuality "1"]

1. g3 d5 2. Bg2 c6 3. d3 Bg4 4. Nf3 Nd7 5. 0-0 e6 6. Nbd2 Bd6 7. c3 Ne7 8. Qc2 0-0 9. e4 Qc7 10. h3 Bh5 11. g4 Bg6 12. Nh4 f6 13. Nb3 a5 14. a4 Bf7 15. Be3 g5 16. Nf3 h5 17. Qd2 Ng6 18. Nbd4 Rad8 19. Ne2 c5 20. gxh5 Nf4 21. h4 Nxe2+ 22. Qxe2 Bxh5 23. Qd2 g4 24. Ne1 Nb6 25. f4 f5 26. e5 Be7 27. Bf2 Rc8 28. Bg3 c4 29. d4 Qc6 30. Qc2 Be8 31. Kf2 Nxa4 32. Rh1 Qb5 33. Rb1 Kg7 34. Qd2 Ba3 35. Nf3 gxf3 36. bxa3 fxg2 37. Rhg1 Qd7 38. Rxg2 Bh5 39. Bh2+ Kf7 40. Rbg1 Rg8 41. Ke3 Rxg2 42. Qxg2 Bg4 43. h5 Rh8 44. Bg3 Rxh5 45. Rh1 Rxh1 46. Qxh1 Kg6 47. Qh4 Qf7 48. Qg5+ Kh7 49. Bh4 Nb6 50. Qd8 Nd7 51. Qxa5 b6 52. Qa8 Bd1 53. Qd8 Ba4 54. Bg5 Bd1 55. Qc7 Ba4 56. Qd8 Qf8 57. Qc7 Qb8 0-1

[Event "ROM-ch U18"]
[Site "Mamaia"]
[Date "2021.04.08"]
[Round "2"]
[White "Bulau, Andrei Cristian"]
[Black "Barbu, Simon Alexandru"]
[Result "1-0"]
[WhiteElo "2156"]
[BlackElo "1851"]
[PlyCount "69"]
[EventDate "2021.04.07"]
[EventType "swiss"]
[EventRounds "9"]
[EventCountry "ROU"]
[SourceTitle "EXT 2022"]
[Source "ChessBase"]
[SourceDate "2021.10.06"]
[SourceVersion "1"]
[SourceVersionDate "2021.10.06"]
[SourceQuality "1"]

1. d4 d5 2. c4 e6 3. Nc3 Nf6 4. cxd5 exd5 5. Bg5 c6 6. e3 Bd6 7. Bd3 0-0 8. Qc2 h6 9. Bh4 Re8 10. Nge2 a5 11. h3 Na6 12. a3 Nc7 13. 0-0 Ne6 14. f4 Be7 15. Rae1 Kh8 16. Rf3 c5 17. g4 c4 18. Bf5 Nc7 19. Ng3 b5 20. g5 Ng8 21. Bxc8 Rxc8 22. Qf5 Qd6 23. Qxf7 g6 24. Nf5 gxf5 25. g6 Qxg6+ 26. Qxg6 Bxh4 27. Re2 b4 28. axb4 axb4 29. Na4 Ne6 30. Rg2 Bf6 31. Nb6 Nxd4 32. exd4 Bxd4+ 33. Kh2 c3 34. Nxc8 cxb2 35. Qxe8 1-0

[Event "ROM-ch U16"]
[Site "Calimanesti Caciulata"]
[Date "2019.04.21"]
[Round "8"]
[White "Tudoroiu, Razvan Catalin"]
[Black "Barbu, Simon Alexandru"]
[Result "0-1"]
[WhiteElo "1329"]
[BlackElo "1729"]
[PlyCount "80"]
[EventDate "2019.04.15"]
[EventType "swiss"]
[EventRounds "9"]
[EventCountry "ROU"]
[SourceTitle "CBM 190 Extra"]
[Source "ChessBase"]
[SourceDate "2019.07.15"]
[SourceVersion "1"]
[SourceVersionDate "2019.07.15"]
[SourceQuality "1"]

1. d4 d5 2. c4 e6 3. Nf3 a6 4. Nc3 dxc4 5. e3 b5 6. a4 b4 7. Nb1 Nc6 8. Bxc4 Na5 9. Bd3 Nf6 10. 0-0 Be7 11. Nbd2 Bb7 12. Nc4 Nxc4 13. Bxc4 0-0 14. Qe2 c5 15. Rd1 Qc7 16. b3 cxd4 17. Nxd4 Bc5 18. Bb2 Ba7 19. Nf3 Ne4 20. Rac1 Qe7 21. Nd2 Ng5 22. Qg4 f5 23. Qf4 Bb8 24. Be5 Bxe5 25. Qxe5 Rf6 26. f3 Rg6 27. Kf2 Rd8 28. Nf1 Rf8 29. Qd6 Qf6 30. Qxb4 Ne4+ 31. Ke1 Qb2 32. Be2 Rxg2 33. Nd2 Rg1+ 34. Bf1 Nxd2 35. Qxd2 Qxb3 36. Rb1 Qc4 37. Kf2 Rxf1+ 38. Rxf1 Qc6 39. Qe2 f4 40. exf4 Qc5+ 0-1

[Event "ROM-ch U16"]
[Site "Calimanesti Caciulata"]
[Date "2019.04.19"]
[Round "6"]
[White "Antal, Andrei"]
[Black "Barbu, Simon Alexandru"]
[Result "0-1"]
[WhiteElo "1482"]
[BlackElo "1729"]
[PlyCount "222"]
[EventDate "2019.04.15"]
[EventType "swiss"]
[EventRounds "9"]
[EventCountry "ROU"]
[SourceTitle "CBM 190 Extra"]
[Source "ChessBase"]
[SourceDate "2019.07.15"]
[SourceVersion "1"]
[SourceVersionDate "2019.07.15"]
[SourceQuality "1"]

1. d4 Nf6 2. Bf4 g6 3. Nf3 Bg7 4. e3 0-0 5. h3 d5 6. Bd3 c5 7. c3 b6 8. Nbd2 Bb7 9. 0-0 Nbd7 10. Ne5 Ne8 11. Nxd7 Qxd7 12. Nf3 c4 13. Bc2 f6 14. Re1 Nd6 15. Nd2 e5 16. Bh2 e4 17. Nf1 h5 18. Ng3 h4 19. Ne2 g5 20. Rf1 f5 21. Kh1 g4 22. Nf4 Rf6 23. Rg1 Bh6 24. Qe2 Kh7 25. Rae1 Rg8 26. Bd1 Qe7 27. a3 Nf7 28. hxg4 Bxf4 29. Bxf4 fxg4 30. g3 Rfg6 31. Kg2 h3+ 32. Kh2 Bc8 33. Qc2 Bd7 34. Be2 Qe6 35. Rgf1 Qe8 36. Qd1 Qf8 37. Qc2 Ng5 38. Ra1 Ne6 39. Qd2 b5 40. Rfb1 Nxf4 41. exf4 Bf5 42. Qe3 a5 43. Ra2 Qc8 44. Rba1 Kg7 45. Bd1 Kh6 46. Bc2 Rf6 47. Bd1 Rgf8 48. Bc2 R8f7 49. Bd1 Ra7 50. Bc2 Qf8 51. Bd1 Qe7 52. Bc2 Qb7 53. Qe2 Kg6 54. Qd2 Rf8 55. Qe1 Kf6 56. Qe2 Kf7 57. Qe3 Rfa8 58. Bd1 Ra6 59. Bc2 Kg6 60. Bd1 Kf6 61. Bc2 Ke7 62. Rd1 Kf7 63. Rda1 Kf6 64. Bd1 Qc7 65. Bc2 R8a7 66. Bd1 Qe7 67. Bc2 Qb7 68. Bd1 Rb6 69. Bc2 b4 70. axb4 Raa6 71. Bd1 axb4 72. Rxa6 Rxa6 73. Rxa6+ Qxa6 74. cxb4 Qb6 75. Qd2 e3 76. fxe3 Be4 77. Bc2 Bxc2 78. Qxc2 Qxb4 79. Qc3 Qa4 80. Qd2 Qb3 81. Qe2 Kf5 82. Qd2 Qd3 83. Qf2 Qd1 84. e4+ dxe4 85. d5 Qxd5 86. Qe1 Qb5 87. Qd2 Ke6 88. Qe2 Kf5 89. Qd2 e3 90. Qc2+ Kf6 91. Qc3+ Kf7 92. Qd4 e2 93. Qa7+ Kg6 94. f5+ Qxf5 95. Qb6+ Qf6 96. Qe3 Qxb2 97. Qe6+ Kg5 98. Qd5+ Kf6 99. Qd6+ Kf7 100. Qd7+ Kf6 101. Qd6+ Kf5 102. Qf4+ Ke6 103. Qxg4+ Ke5 104. Qf4+ Kd5 105. Qf5+ Qe5 106. Qd7+ Ke4 107. Qg4+ Kd3 108. Qd7+ Ke3 109. Qa7+ Kd2 110. Qf2 Kd1 111. Qf3 Kd2 0-1

[Event "ROM-chT U20"]
[Site "Iasi"]
[Date "2018.07.17"]
[Round "5.2"]
[White "Pirvu, Christian"]
[Black "Barbu, Simon Alexandru"]
[Result "0-1"]
[WhiteElo "1726"]
[BlackElo "1622"]
[PlyCount "110"]
[EventDate "2018.07.13"]
[EventType "team-tourn"]
[EventRounds "6"]
[EventCountry "ROU"]
[SourceTitle "EXT 2019"]
[Source "ChessBase"]
[SourceDate "2018.10.10"]
[SourceVersion "1"]
[SourceVersionDate "2018.10.10"]
[SourceQuality "1"]
[WhiteTeam "Timisoara CC1"]
[BlackTeam "Galati CC"]
[WhiteTeamCountry "ROU"]
[BlackTeamCountry "ROU"]

1. e4 c6 2. d4 d5 3. e5 Bf5 4. h4 h5 5. c4 e6 6. Nc3 Ne7 7. Bd3 Bxd3 8. Qxd3 dxc4 9. Qxc4 Nf5 10. Nf3 Be7 11. g3 Nd7 12. Qe2 Nb6 13. Qe4 Qd7 14. 0-0 0-0-0 15. Rd1 Nd5 16. Bd2 Nb4 17. a3 Nd5 18. Rac1 Kb8 19. Na4 Nb6 20. Nxb6 axb6 21. Bc3 Qd5 22. Qe2 Rhg8 23. Bd2 Qb3 24. Bf4 Qd5 25. Kh2 Qa5 26. Bd2 Qd5 27. Bf4 g6 28. Rd2 Qd7 29. Rcd1 Qc8 30. Qc4 Rd5 31. Bg5 Qd7 32. b4 Rd8 33. Bxe7 Qxe7 34. Kg2 R8d7 35. Qc3 Qd8 36. Qc4 c5 37. Qc3 Nxd4 38. Nxd4 Rxd4 39. Rxd4 Rxd4 40. Rxd4 cxd4 41. Qf3 d3 42. Kf1 d2 43. Qd1 Qd3+ 44. Kg2 b5 45. f4 Ka7 46. Qg1+ b6 47. Qd1 Kb7 48. Kf2 Kc7 49. Kg2 Kc6 50. Kf2 Kd5 51. Qh1+ Kc4 52. Qd1 Kc3 53. Qa1+ Kb3 54. Qd1+ Kb2 55. Kg2 Qc2 0-1

[Event "ROM-chT U20"]
[Site "Iasi"]
[Date "2018.07.14"]
[Round "2.2"]
[White "Barbu, Simon Alexandru"]
[Black "Pirvu, Christian"]
[Result "0-1"]
[WhiteElo "1622"]
[BlackElo "1726"]
[PlyCount "52"]
[EventDate "2018.07.13"]
[EventType "team-tourn"]
[EventRounds "6"]
[EventCountry "ROU"]
[SourceTitle "EXT 2019"]
[Source "ChessBase"]
[SourceDate "2018.10.10"]
[SourceVersion "1"]
[SourceVersionDate "2018.10.10"]
[SourceQuality "1"]
[WhiteTeam "Galati CC"]
[BlackTeam "Timisoara CC1"]
[WhiteTeamCountry "ROU"]
[BlackTeamCountry "ROU"]

1. d4 Nf6 2. c4 e5 3. Nc3 Bb4 4. Qc2 h6 5. e4 0-0 6. f4 d5 7. fxe5 Nxe4 8. Nf3 c5 9. Bd2 Nxd2 10. Qxd2 Nc6 11. Rd1 dxc4 12. Bxc4 cxd4 13. Nxd4 Nxd4 14. Qxd4 Qxd4 15. Rxd4 Bxc3+ 16. bxc3 b6 17. Be2 Bb7 18. Kf2 Rac8 19. c4 Rfd8 20. Rhd1 Rxd4 21. Rxd4 Ba6 22. h4 Kf8 23. g4 Ke7 24. g5 Rc5 25. Re4 Ra5 26. Kf3 Bb7 0-1

[Event "ROM-chT U20"]
[Site "Iasi"]
[Date "2018.07.13"]
[Round "1.2"]
[White "Barbu, Simon Alexandru"]
[Black "Miloi, Pavel Dan"]
[Result "0-1"]
[WhiteElo "1622"]
[BlackElo "2037"]
[PlyCount "68"]
[EventDate "2018.07.13"]
[EventType "team-tourn"]
[EventRounds "6"]
[EventCountry "ROU"]
[SourceTitle "EXT 2019"]
[Source "ChessBase"]
[SourceDate "2018.10.10"]
[SourceVersion "1"]
[SourceVersionDate "2018.10.10"]
[SourceQuality "1"]
[WhiteTeam "Galati CC"]
[BlackTeam "Constanta Juniorul"]
[WhiteTeamCountry "ROU"]
[BlackTeamCountry "ROU"]

1. d4 d5 2. c4 dxc4 3. Nf3 Nf6 4. Nc3 a6 5. a4 Nc6 6. e3 Na5 7. Nd2 Be6 8. Be2 c6 9. 0-0 g6 10. Nce4 Nxe4 11. Nxe4 Bg7 12. Nc5 Bf5 13. Bd2 0-0 14. Bxa5 Qxa5 15. Nxb7 Qb4 16. Nc5 e5 17. Rc1 exd4 18. Rxc4 Qxb2 19. exd4 Rfd8 20. Nd3 Qb6 21. Nb4 Bxd4 22. Qc1 c5 23. a5 Qd6 24. Bf3 Rac8 25. Bb7 Rb8 26. Nc6 Rxb7 27. Nxd8 Qxd8 28. Rd1 Rb1 29. Qxb1 Bxb1 30. Rxb1 Qxa5 31. Rc2 Qa4 32. Re2 Qc4 33. Re7 Bxf2+ 34. Kxf2 Qh4+ 0-1

[Event "ROM-ch U14"]
[Site "Calimanesti"]
[Date "2018.04.02"]
[Round "8"]
[White "Barbu, Simon Alexandru"]
[Black "Costin, Alexandru"]
[Result "1/2-1/2"]
[WhiteElo "1613"]
[BlackElo "1944"]
[PlyCount "97"]
[EventDate "2018.03.27"]
[EventType "swiss"]
[EventRounds "9"]
[EventCountry "ROU"]
[SourceTitle "CBM 183 Extra"]
[Source "ChessBase"]
[SourceDate "2018.04.19"]
[SourceVersion "1"]
[SourceVersionDate "2018.04.19"]
[SourceQuality "1"]

1. d4 d5 2. c4 e6 3. cxd5 exd5 4. Nc3 Nf6 5. Nf3 Be7 6. Bg5 c6 7. Qc2 0-0 8. e3 Nbd7 9. Bd3 Re8 10. 0-0 Nf8 11. Rab1 a5 12. a3 Ng6 13. b4 axb4 14. axb4 Be6 15. b5 Ra3 16. bxc6 bxc6 17. Ra1 Rxa1 18. Rxa1 c5 19. Bxf6 gxf6 20. dxc5 Bxc5 21. Nb5 Qe7 22. Nbd4 Bxd4 23. Nxd4 Rc8 24. Qd2 Qc5 25. Ne2 Rb8 26. Rc1 Qd6 27. Rb1 Rxb1+ 28. Bxb1 Qb6 29. Bd3 Qc7 30. Qc1 Qxc1+ 31. Nxc1 Kf8 32. Bxg6 fxg6 33. Kf1 Ke7 34. Ke2 Kd6 35. Kd3 Ke5 36. Nb3 Bf5+ 37. Ke2 Bc8 38. Nd4 Ba6+ 39. Kf3 Bc4 40. g4 f5 41. gxf5 gxf5 42. Kg3 f4+ 43. Kf3 fxe3 44. Kxe3 Ba2 45. Nf3+ Kf5 46. Nd4+ Ke5 47. f4+ Kf6 48. Kf3 Bb1 49. Kg4 1/2-1/2